| 000 | 00470nam a2200193Ia 4500 | ||
|---|---|---|---|
| 003 | OSt | ||
| 005 | 20250927121216.0 | ||
| 008 | 250729s2006 xx 000 0 und d | ||
| 020 | _a978-8183420198 | ||
| 040 | _cAL | ||
| 041 | _aeng | ||
| 082 | _a930.7 TIWM | ||
| 100 |
_aTiwari Deepak _9222826 |
||
| 245 | _aMethods of teaching sociology | ||
| 260 |
_aNew Delhi _bCrescent Publication _c2006 |
||
| 300 | _a279p | ||
| 650 |
_aSociology _9222827 |
||
| 942 |
_2ddc _cBED |
||
| 999 |
_c235628 _d235628 |
||